Ionescovské automaty reči

Bibliographic Details
Main Author: Uherek, Daniel (Author)
Format: Article
Language:Slovak
PhysicalDescription:Fotogr.
ISSN:0323-2883
Subjects:

MARC

LEADER 00000nab a2200000 a 4500
001 vtls000718446
003 SK-MaSNL
005 20260304124214.0
008 250429c2000 xo 0 slo
015 |a SNBRB2000/04-09598 
035 |a CLN000070613 
035 |a urn:nbn:sk:snk-abdqbi 
035 |a (urnnbn)urn:nbn:sk:snk:ar-0017jo 
035 |a (uuid)2bd0f746-9ce5-4e2e-95b7-80378f0b2630 
040 |a SNKBUCL  |b slo  |c SNKBUCL  |e AACR2 
041 0 |a slo 
044 |a xo  |c SK 
080 |a 792.2  |2 1997 
100 1 |a Uherek, Daniel  |4 aut  |9 540803 
245 1 0 |a Ionescovské automaty reči  |c Daniel Uherek 
300 |b Fotogr. 
500 |a Réžia Ľubomír Vajdička 
600 1 7 |a Ionesco, Eugéne,  |d 1912-1994  |t Stoličky  |2 snkbucl  |9 1226026 
610 2 7 |a Slovenské národné divadlo.  |b Činohra  |2 snkbucl  |9 32459 
650 0 7 |a činohry  |2 snkbucl  |9 3325 
650 0 7 |a divadelné inscenácie  |2 snkbucl  |9 3326 
655 7 |a recenzie  |2 snkbucl  |9 21907 
655 7 |a články z novín a časopisov  |2 snkbucl  |9 267496 
773 0 |t Javisko  |g Roč. 32, č. 3 (2000), s. 3-4  |x 0323-2883 
850 |a Slovenská národná knižnica 
852 |a Slovenská národná knižnica 
954 |a odborná, vedecká literatúra pôvodná (slovenská)  |2 lita 
958 |a article19 
958 |a OND 
958 |a EUIPO 
992 |a RBX 
999 |c 2890822  |d 2892752